00894nam a22002057a 450000500170000000800410001701700410005802000180009904000230011708200240014010000470016424501530021125000090036426001340037330000250050750400610053265000280059365000570062165100100067820240530110747.0181208s2018 a g b 000 0 ara d a2017/7210bمصر. دار الكتب a9789776567382 aEG-CaGPLcEG-CaGPL04221a346.074\bح ع0 aحمود محمد غازى الحماده 12aالعلاقات التعاقدية الناشئة عن بطاقات الدفع الالكترونى /cحمود محمد غازى الحماده  aط.1 aالقاهرة : c2018 .bالمركز العربى للدراسات والبحوث العلمية للنشر والتوزيع، a349 ص. ؛c24 سم. aيشتمل على ارجاعات ببليوجرافية 072qrmakaالبرلمان07aبطاقات الدفع الالكترونى 2qrmak 2qrmak